000 00637cam a22001931 4500
001 med47001904
003 DLC
005 20260227111604.0
008 940822s1946 sa 000 0 eng
010 _amed47001904
035 _a(OCoLC)30985342
040 _aDLC
_cNNC-M
_dDLC
050 0 0 _aRC358
_b.F6
100 1 _aForman, Frank,
_d1898-1981.
245 1 0 _aPsychiatry in general practice,
_cby Prof. F. Forman... The presidential address delivered to the Cape Town post-graduate medical association on 3 October, 1945.
260 _aCape Town,
_bThe Post-graduate press,
_c1946.
300 _a14 p.
_c24 cm.
500 _aCover-title.
999 _c38457
_d38457